|
|
|
|
| LEADER |
01013nam a2200253 a 4500 |
| 001 |
8315 |
| 003 |
BD-DhAAL |
| 005 |
20240908151633.0 |
| 008 |
130902s1994 ii abf b 001 0 eng d |
| 010 |
|
|
|a 94904551
|
| 020 |
|
|
|a 8120716019
|
| 020 |
|
|
|a 984051265X
|
| 040 |
|
|
|a DLC
|c DLC
|d BD-DhAAL
|
| 050 |
0 |
0 |
|a BP187.3
|b .P39 1994
|
| 082 |
|
|
|a 297.55092
|
| 100 |
1 |
|
|a Pearson, M. N.
|q (Michael Naylor),
|d 1941-
|9 2891
|
| 245 |
1 |
0 |
|a Pious passengers :
|b the Hajj in earlier times /
|c M.N. Pearson.
|
| 260 |
|
|
|a New Delhi ;
|a Dhaka :
|b Sterling Publishers ;
|b The university press ltd.,
|c c1994.
|
| 300 |
|
|
|a xii, 217 p., [4] p. of plates :
|b ill., map ;
|c 22 cm.
|
| 504 |
|
|
|a Includes bibliographical references (p. [188]-211) and index.
|
| 650 |
|
0 |
|a Muslim pilgrims and pilgrimages
|z Saudi Arabia
|z Mecca.
|9 2892
|
| 942 |
|
|
|2 ddc
|c BK
|
| 999 |
|
|
|c 13919
|d 13919
|
| 952 |
|
|
|0 0
|1 0
|2 ddc
|4 0
|6 297_550920000000000_PEA
|7 0
|9 23294
|a BRACUL
|b BRACUL
|c GEN
|d 2013-09-02
|l 5
|m 15
|o 297.55092 PEA
|p 3010008315
|r 2021-11-18
|s 2021-11-11
|t 1
|w 2013-09-02
|y BK
|